Music Quiz

Random Music or Song Quiz

Top 10 Hits of 2009 Quiz Stats

 Plays Quiz Updated Nov 5, 2018

Support Sporcle.
Go Orange.
Score 0/54 Timer 10:00
0 Plays Today
Artist Song Title % Correct
Lady GagaPoker Face
68.3%
Lady Gaga ft. Colby O'DonisJust Dance
66.1%
Taylor SwiftLove Story
63.6%
Owl CityFireflies
52.6%
Taylor SwiftYou Belong With Me
45.3%
Miley CyrusParty in the U.S.A.
44.3%
Miley CyrusThe Climb
44.3%
Lady GagaBad Romance
43.6%
Black Eyed PeasBoom Boom Pow
41.7%
The All-American RejectsGives You Hell
39.2%
Black Eyed PeasI Gotta Feeling
39.2%
Kings of LeonUse Somebody
37.1%
Jay-Z ft. Alicia KeysEmpire State of Mind
35.2%
Flo Rida ft. Ke$haRight Round
33.7%
Lady GagaPaparazzi
32.2%
Glee CastDon't Stop Believin'
31.8%
Jay Sean ft. Lil WayneDown
31.5%
T.I. ft. Justin TimberlakeDead and Gone
29.1%
3OH!3Don't Trust Me
28.4%
BeyoncéHalo
27.6%
Kid CudiDay 'n' Nite
27.5%
Kelly ClarksonMy Life Would Suck Without You
27%
Kanye WestHeartless
26.5%
Jamie Foxx ft. T-PainBlame It
25.9%
Cobra Starship ft. Leighton MeesterGood Girls Go Bad
25.5%
Lady GagaLoveGame
23.5%
Keri Hilson ft. Kanye West and Ne-YoKnock You Down
23.1%
Artist Song Title % Correct
The FrayYou Found Me
22.9%
Jay-Z ft., Rihanna and Kanye WestRun This Town
22.7%
Sean KingstonFire Burning
21.8%
Soulja Boy Tell 'Em ft. SammieKiss Me Thru the Phone
21.6%
Drake ft. Kanye West, Lil Wayne, and EminemForever
21.6%
Jordin SparksBattlefield
21.5%
Jason DeRuloWhatcha Say
19.4%
JeremihBirthday Sex
19.2%
PitbullI Know You Want Me (Calle Ocho)
18.8%
Ciara ft. Justin TimberlakeLove Sex Magic
16.3%
Britney Spears3
16%
DrakeBest I Ever Had
15.9%
Katy PerryWaking Up in Vegas
15.8%
Eminem, Dr. Dre, and 50 CentCrack a Bottle
14.8%
ShinedownSecond Chance
14.5%
Flo Rida ft. WynterSugar
11.8%
Black Eyed PeasMeet Me Halfway
11.2%
Mariah CareyObsessed
11.1%
PitbullHotel Room Service
9.8%
Linkin ParkNew Divide
8.8%
BeyoncéSweet Dreams
8.6%
EminemWe Made You
7.1%
Carrie Underwood ft. Randy TravisI Told You So
6.2%
RihannaRussian Roulette
6%
Young MoneyEvery Girl
4.5%
Hannah MontanaHe Could Be the One
2.7%
Taylor SwiftJump Then Fall
1.9%

You're not logged in!

Compare scores with friends on all Sporcle quizzes.
OR
Log In
Forgot?

From the Vault

Arrested Development Characters

by rdkrauss

Quite possibly the best show ever, whoever canceled this show is not getting a Christmas card from Sporcle this year...or any year.
Remove Ads.
Support Sporcle.
Get the best of Sporcle when you Go Orange. This ad-free experience offers more features, more stats, and more fun while also helping to support Sporcle. Thank you for becoming a member.

Show Comments

Extras

Top Quizzes Today


Score Distribution

Your Account Isn't Verified!

In order to create a playlist on Sporcle, you need to verify the email address you used during registration. Go to your Sporcle Settings to finish the process.

Report this User

Report this user for behavior that violates our Community Guidelines.

Details: